Democratisation / (Record no. 3113)

MARC details
000 -LEADER
fixed length control field 00905cam a2200301 a 4500
001 - CONTROL NUMBER
control field 3022449
003 - CONTROL NUMBER IDENTIFIER
control field OSt
005 - DATE AND TIME OF LATEST TRANSACTION
control field 20160229190946.0
008 - FIXED-LENGTH DATA ELEMENTS--GENERAL INFORMATION
fixed length control field 940516s1993 nr b 001 0 eng d
010 ## - LIBRARY OF CONGRESS CONTROL NUMBER
LC control number 94159307
015 ## - NATIONAL BIBLIOGRAPHY NUMBER
National bibliography number GB94-41759
020 ## - INTERNATIONAL STANDARD BOOK NUMBER
International Standard Book Number 9782461725
035 ## - SYSTEM CONTROL NUMBER
System control number (OCoLC)30777267
040 ## - CATALOGING SOURCE
Original cataloging agency Uk
Transcribing agency Uk
Modifying agency DLC
042 ## - AUTHENTICATION CODE
Authentication code lccopycat
050 00 - LIBRARY OF CONGRESS CALL NUMBER
Classification number JC423
Item number .N93 1993
082 00 - DEWEY DECIMAL CLASSIFICATION NUMBER
Classification number 321.8
Edition number 20
Item number NIJ 1993
100 1# - MAIN ENTRY--PERSONAL NAME
Personal name Nwabueze, B. O.
Fuller form of name (Benjamin Obi)
9 (RLIN) 6909
245 10 - TITLE STATEMENT
Title Democratisation /
Statement of responsibility, etc. B.O. Nwabueze.
260 ## - PUBLICATION, DISTRIBUTION, ETC. (IMPRINT)
Place of publication, distribution, etc. Ibadan :
Name of publisher, distributor, etc. Spectrum Law Pub.,
Date of publication, distribution, etc. 1993.
300 ## - PHYSICAL DESCRIPTION
Extent x, 304 p. ;
Dimensions 21 cm.
440 #0 - SERIES STATEMENT/ADDED ENTRY--TITLE
Title Spectrum law series
9 (RLIN) 6910
504 ## - BIBLIOGRAPHY, ETC. NOTE
Bibliography, etc Includes bibliographical references and index.
650 #0 - SUBJECT ADDED ENTRY--TOPICAL TERM
Topical term or geographic name as entry element Democracy.
9 (RLIN) 1184
906 ## - LOCAL DATA ELEMENT F, LDF (RLIN)
a 7
b cbc
c copycat
d 3
e ncip
f 19
g y-gencatlg
942 ## - ADDED ENTRY ELEMENTS (KOHA)
Source of classification or shelving scheme Dewey Decimal Classification
Koha item type Short Loan
Holdings
Withdrawn status Lost status Source of classification or shelving scheme Damaged status Not for loan Home library Current library Date acquired Inventory number Total Checkouts Full call number Barcode Date last seen Price effective from Koha item type
    Dewey Decimal Classification     MUST Main Library MUST Main Library 29/02/2016 1998/12052   321.8 NIJ 1993 2016-0269 29/02/2016 29/02/2016 Short Loan